000 00601nam a2200205 a 4500
003 PK-NaQUE
005 20260617101541.0
008 260617b |||||||| |||| 00| 0 eng d
020 _a0071410104 (paperback)
020 _a9780071410106 (paperback)
040 _cQUEST
100 1 _aGibilisco, Stan.
_9873
245 1 0 _aConcise Encyclopedia of Robotics
250 _a1st ed.
260 _a[S.l.] :
_bMcGraw-Hill/TAB Electronics,
_c2002.
300 _a365 p. ;
650 _aRobotics - Encyclopedia
_9874
856 4 0 _uhttp://10.10.170.122:8080/browse/book/5216
_yDownload eBook
942 _cBK
_2ddc
999 _c7747
_d7747